Pokémon - Les attaques de Toudoudou - Statistiques

Statistiques générales
  • Ce quiz a été pris 18 fois
  • Le résultat moyen est 5 sur 8
Statistiques - réponses
Niveaux Types Noms des attaques % Correct
Niveau 20 Fée Charme
100%
Départ Normal Écras'Face
100%
Départ Normal Berceuse
82%
Niveau 8 Fée Doux Baiser
82%
Niveau 12 Fée Voix Enjôleuse
73%
Niveau 4 Normal Boul'Armure
55%
Départ Normal Photocopie
36%
Niveau 16 Normal Entrave
9%
Aucun quiz correspondant
Distribution des résultats
% des personnes avec chaque résultat
Percentile par nombre de réponses
Votre historique - résultats
Vous n’avez pas pris ce quiz